Statistiques concernant Classement des meilleurs buteurs de ligue 1 saison 2017-18

Cliquez ici pour prendre le quiz!

Statistiques générales

  • Ce quiz a été pris 96 fois
  • Le résultat moyen est 7 sur 20

Statistiques - réponses

Nombre de butsRatioJoueur% Correct
130,46Mbappé
96%
280.88Cavani
94%
190,95Neymar
78%
220,63Thauvin
55%
180,69Falcao
47%
180,6Fekir
46%
110,37Di maria
39%
190,53Depay
37%
130,36Pépé
34%
180,53Diaz
24%
180,64Balotelli
20%
130,42Traoré
20%
170,46Toko ekambi
18%
120,33Sala
17%
150,43Roux
15%
160,46Plea
9%
150,39Lopes
7%
120,34Malcom
4%
120,46Tavares
4%
130,39Konaté
3%

Distribution des résultats

Percentile par nombre de réponses

% des personnes avec chaque résultat

Votre développement - résultats

Vous n’avez pas pris ce quiz